000 01158nam a2200361 i 4500
999 _c339
_d339
001 020679447
003 UkOxU
005 20190806143950.0
008 180214s2016 enka 001 0 eng d
020 _a9781908682598
_qpaperback
020 _a1908682590
_qpaperback
035 _a(UK-WkNB)9781908682598
035 _a(StEdALDL)1/3468779
040 _aUK-WkNB
_beng
_erda
_cUK-WkNB
_dUkOxU
049 _aCROBAR
082 0 4 _a530 KEL
_223
100 1 _aKelly, Gareth,
_eauthor.
245 1 0 _aWJEC physics for A2 level /
_cGareth Kelly and Nigel Wood.
264 1 _aCheltenham :
_bIlluminate Publishing,
_c2016.
300 _a304 pages :
_bilustrations ;
_c28 cm
336 _atext
_2rdacontent
337 _aunmediated
_2rdamedia
338 _avolume
_2rdacarrier
500 _a"Endorsed by WJEC CBAC"--Cover.
500 _aIncludes index.
650 0 _aPhysics
_vProblems, exercises, etc.
700 1 _aWood, Nigel
_c(Physics teacher),
_eauthor.
710 2 _aWelsh Joint Education Committee,
_esponsoring body.
942 _2ddc
_cNFIC
980 _g1
_f1/3468779
981 _dAgency file oxf2016-41.1